000 01166cam a22003255a 4500
001 54573
005 20230410103917.0
008 040916s2006 vm abf b f000 0 eng
010 _a 2004349487
035 _a(OCoLC)ocm56597922
040 _aDLC
_cDLC
_dOCLCQ
035 _a(OCoLC)56597922
037 _bLibrary of Congress -- Jakarta Overseas Office
_cExchange
042 _alcode
049 _aGRAL
050 1 4 _a438 DS 557.7
_bV872d 2006
100 1 _aVo, Nguyen Giap,
_d1912-
245 1 0 _aDien Bien Phu :
_bla cita de la historia /
_cVo Nguyen Giap, redactado con la participación de Huu Mai.
260 _aHanọi :
_bThe Gioi publishers,
_c2006.
300 _aviii, 499p., [29] p. of plates :
_bill. (1 col.), folded col. maps ;
_c21 cm.
490 0 _aMemoirs of war
500 _atít. original: Dien Bien Phàu
504 _aIncludes bibliographical references.
650 0 _aDien Bien Phu, Battle of, Điẹn Bien Phủ, Vietnam, 1954.
650 0 _aVietnam War, 1961-1975.
856 4 2 _3Más?... busque en WorldCat (solo desde FUNGLODE)
_uwww.firstsearch.oclc.org/fsip
942 _2lcc
_cbk
946 _amfcruz
994 _aC0
_bDRFGD
999 _c28250
_d28250